| 000 -LEADER | |
|---|---|
| fixed length control field | 00624nam a22002177a 4500 |
| 005 - DATE AND TIME OF LATEST TRANSACTION | |
| control field | 20250420134759.0 |
| 008 - FIXED-LENGTH DATA ELEMENTS--GENERAL INFORMATION | |
| fixed length control field | 191205b ||||| |||| 00| 0 eng d |
| 020 ## - INTERNATIONAL STANDARD BOOK NUMBER | |
| International Standard Book Number | 9781461349754 |
| 040 ## - CATALOGING SOURCE | |
| Transcribing agency | KCST |
| 082 ## - DEWEY DECIMAL CLASSIFICATION NUMBER | |
| Classification number | 621.382 |
| Item number | Ba Di |
| 100 ## - MAIN ENTRY--PERSONAL NAME | |
| Personal name | Barry, John R. |
| 9 (RLIN) | 739 |
| 245 ## - TITLE STATEMENT | |
| Title | Digital communication / |
| Statement of responsibility, etc. | John R. Barry, Edward A. Lee, David G. Messerschmitt |
| 250 ## - EDITION STATEMENT | |
| Edition statement | 3 |
| Remainder of edition statement | vol. I |
| 260 ## - PUBLICATION, DISTRIBUTION, ETC. | |
| Place of publication, distribution, etc. | New York: |
| Name of publisher, distributor, etc. | Springer-Science+Business Media |
| Date of publication, distribution, etc. | 2004 |
| 300 ## - PHYSICAL DESCRIPTION | |
| Extent | 460 p. |
| 650 ## - SUBJECT ADDED ENTRY--TOPICAL TERM | |
| Topical term or geographic name entry element | Digital communications. |
| 9 (RLIN) | 376 |
| 700 ## - ADDED ENTRY--PERSONAL NAME | |
| Personal name | Lee, Edward A. |
| 9 (RLIN) | 740 |
| 700 ## - ADDED ENTRY--PERSONAL NAME | |
| Personal name | Messerschmitt, David G. |
| 9 (RLIN) | 741 |
| 942 ## - ADDED ENTRY ELEMENTS (KOHA) | |
| Koha item type | Book |
| 942 ## - ADDED ENTRY ELEMENTS (KOHA) | |
| Source of classification or shelving scheme | Dewey Decimal Classification |
| Withdrawn status | Lost status | Source of classification or shelving scheme | Damaged status | Not for loan | Home library | Current library | Date acquired | Cost, normal purchase price | Total checkouts | Full call number | Barcode | Date last seen | Price effective from | Koha item type |
|---|---|---|---|---|---|---|---|---|---|---|---|---|---|---|
| Dewey Decimal Classification | KCST Library | KCST Library | 05/12/2019 | 26.30 | 621.382 Ba Di | 1000000234 | 05/12/2019 | 05/12/2019 | Book | |||||
| Dewey Decimal Classification | KCST Library | KCST Library | 05/12/2019 | 26.30 | 621.382 Ba Di | 1000000235 | 05/12/2019 | 05/12/2019 | Book | |||||
| Dewey Decimal Classification | KCST Library | KCST Library | 05/12/2019 | 24.55 | 621.382 Ba Di | 1000000236 | 05/12/2019 | 05/12/2019 | Book | |||||
| Dewey Decimal Classification | KCST Library | KCST Library | 05/12/2019 | 27.32 | 621.382 Ba Di | 1000000237 | 05/12/2019 | 05/12/2019 | Book |